<?xml version="1.0" encoding="UTF-8"?><?xml-stylesheet type="text/xsl" href="static/style.xsl"?><OAI-PMH xmlns="http://www.openarchives.org/OAI/2.0/" xmlns:xsi="http://www.w3.org/2001/XMLSchema-instance" xsi:schemaLocation="http://www.openarchives.org/OAI/2.0/ http://www.openarchives.org/OAI/2.0/OAI-PMH.xsd"><responseDate>2026-06-02T10:38:08Z</responseDate><request verb="GetRecord" identifier="oai:riuma.uma.es:10630/22765" metadataPrefix="marc">https://riuma.uma.es/rest/oai/request</request><GetRecord><record><header><identifier>oai:riuma.uma.es:10630/22765</identifier><datestamp>2026-02-03T12:29:31Z</datestamp><setSpec>com_10630_2254</setSpec><setSpec>col_10630_37959</setSpec></header><metadata><record xmlns="http://www.loc.gov/MARC21/slim" xmlns:dcterms="http://purl.org/dc/terms/" xmlns:doc="http://www.lyncode.com/xoai" xmlns:xsi="http://www.w3.org/2001/XMLSchema-instance" xsi:schemaLocation="http://www.loc.gov/MARC21/slim http://www.loc.gov/standards/marcxml/schema/MARC21slim.xsd">
   <leader>00925njm 22002777a 4500</leader>
   <datafield ind2=" " ind1=" " tag="042">
      <subfield code="a">dc</subfield>
   </datafield>
   <datafield ind2=" " ind1=" " tag="720">
      <subfield code="a">Benítez de la Fuente, Francisco</subfield>
      <subfield code="e">author</subfield>
   </datafield>
   <datafield ind2=" " ind1=" " tag="720">
      <subfield code="a">Pérez-Sancho, Jessica</subfield>
      <subfield code="e">author</subfield>
   </datafield>
   <datafield ind2=" " ind1=" " tag="720">
      <subfield code="a">Huércano Rubens, Carolina</subfield>
      <subfield code="e">author</subfield>
   </datafield>
   <datafield ind2=" " ind1=" " tag="720">
      <subfield code="a">Amorim-Silva, Vitor</subfield>
      <subfield code="e">author</subfield>
   </datafield>
   <datafield ind2=" " ind1=" " tag="720">
      <subfield code="a">Macho, Alberto P.</subfield>
      <subfield code="e">author</subfield>
   </datafield>
   <datafield ind2=" " ind1=" " tag="720">
      <subfield code="a">Bayer, Emmanuelle M.</subfield>
      <subfield code="e">author</subfield>
   </datafield>
   <datafield ind2=" " ind1=" " tag="720">
      <subfield code="a">De Jaeger, Geert</subfield>
      <subfield code="e">author</subfield>
   </datafield>
   <datafield ind2=" " ind1=" " tag="720">
      <subfield code="a">Ruiz-López, Noemí</subfield>
      <subfield code="e">author</subfield>
   </datafield>
   <datafield ind2=" " ind1=" " tag="720">
      <subfield code="a">Botella-Mesa, Miguel Ángel</subfield>
      <subfield code="e">author</subfield>
   </datafield>
   <datafield ind2=" " ind1=" " tag="260">
      <subfield code="c">2021</subfield>
   </datafield>
   <datafield ind2=" " ind1=" " tag="520">
      <subfield code="a">Synaptotagmin1 (SYT1) is an Arabidopsis thaliana protein essential for tolerance to several abiotic stresses (Schapire et al., 2008; Pérez-Sancho et al., 2015; Ruiz-Lopez et al., 2020). SYT1 forms endoplasmic reticulum-plasma membrane contact sites (ER-PM CS), microdomains conserved across eukaryotes where protein tethers maintain the membranes of the ER and the PM in close apposition (∼30 nm) without fusing. The short distance between membranes facilitates processes such as ion and lipid transport (Pérez-Sancho et al., 2016). For example, SYT1 transports diacylglycerol (DAG) from the PM to the ER during abiotic stress to assure PM integrity (Ruiz-Lopez et al., 2020). Usually, protein complexes form the core of contact sites. In particular, SYT1 forms dimers with SYT1, SYT3, SYT5 and CLB1; all members of the Arabidopsis SYT family and EPCS tethers (Lee et al., 2020; Ruiz-Lopez et al., 2020). We found that SYT1 interacts with proteins involved in different cellular processes by non-targeted proteomic approaches (IP-MS and TAP-tag). Thus, SYT1 interacts with reticulons (RTN), ER-resident proteins responsible for ER curvature, which is crucial for ER morphology and lipid transport at ER-PM CS (Collado et al., 2019). Additionally, SYT1 interacts with ECAs, Ca2+-ATPases located at the ER membrane. SYT1 also interacts with sterol methyltransferases (SMTs), key enzymes in the route of sitosterol and stigmasterol biosynthesis. The homeostasis of the sitosterol and stigmasterol is crucial for the tolerance to wound, heat and bacterial stress presumably by affecting PM fluidity. MCTPs (multiple C2 domains and transmembrane region proteins), plasmodesmata-exclusive proteins are also SYT1 interactors (Brault et al., 2019). We are now investigating the role of SYT1 in these processes using biochemical, genetic and cellular biology approaches.</subfield>
   </datafield>
   <datafield ind1="8" ind2=" " tag="024">
      <subfield code="a">https://hdl.handle.net/10630/22765</subfield>
   </datafield>
   <datafield tag="653" ind2=" " ind1=" ">
      <subfield code="a">Bioquímica - Congresos</subfield>
   </datafield>
   <datafield tag="653" ind2=" " ind1=" ">
      <subfield code="a">Biología molecular - Congresos</subfield>
   </datafield>
   <datafield ind2="0" ind1="0" tag="245">
      <subfield code="a">Identification of SYT1 interactors connects calcium signaling, endoplasmic reticulum bending, plasmodesmata and membrane contact sites.</subfield>
   </datafield>
</record>
</metadata></record></GetRecord></OAI-PMH>